<?xml version="1.0" encoding="UTF-8"?><?xml-stylesheet type="text/xsl" href="static/style.xsl"?><OAI-PMH xmlns="http://www.openarchives.org/OAI/2.0/" xmlns:xsi="http://www.w3.org/2001/XMLSchema-instance" xsi:schemaLocation="http://www.openarchives.org/OAI/2.0/ http://www.openarchives.org/OAI/2.0/OAI-PMH.xsd"><responseDate>2026-06-03T03:57:59Z</responseDate><request verb="GetRecord" identifier="oai:riuma.uma.es:10630/38556" metadataPrefix="marc">https://riuma.uma.es/rest/oai/request</request><GetRecord><record><header><identifier>oai:riuma.uma.es:10630/38556</identifier><datestamp>2026-02-03T11:16:35Z</datestamp><setSpec>com_10630_2254</setSpec><setSpec>col_10630_37953</setSpec></header><metadata><record xmlns="http://www.loc.gov/MARC21/slim" xmlns:dcterms="http://purl.org/dc/terms/" xmlns:doc="http://www.lyncode.com/xoai" xmlns:xsi="http://www.w3.org/2001/XMLSchema-instance" xsi:schemaLocation="http://www.loc.gov/MARC21/slim http://www.loc.gov/standards/marcxml/schema/MARC21slim.xsd">
   <leader>00925njm 22002777a 4500</leader>
   <datafield ind2=" " ind1=" " tag="042">
      <subfield code="a">dc</subfield>
   </datafield>
   <datafield ind2=" " ind1=" " tag="720">
      <subfield code="a">Cubero Torres, Nicolás</subfield>
      <subfield code="e">author</subfield>
   </datafield>
   <datafield ind2=" " ind1=" " tag="720">
      <subfield code="a">Castro, Francisco M.</subfield>
      <subfield code="e">author</subfield>
   </datafield>
   <datafield ind2=" " ind1=" " tag="720">
      <subfield code="a">Ramos-Cózar, Julián</subfield>
      <subfield code="e">author</subfield>
   </datafield>
   <datafield ind2=" " ind1=" " tag="720">
      <subfield code="a">Guil-Mata, Nicolás</subfield>
      <subfield code="e">author</subfield>
   </datafield>
   <datafield ind2=" " ind1=" " tag="720">
      <subfield code="a">Marín-Jiménez, Manuel José</subfield>
      <subfield code="e">author</subfield>
   </datafield>
   <datafield ind2=" " ind1=" " tag="260">
      <subfield code="c">2025-02-28</subfield>
   </datafield>
   <datafield ind2=" " ind1=" " tag="520">
      <subfield code="a">Gait recognition has gained attention for its ability to identify individuals from afar. Current state-of-the-art approaches predominantly utilize visual information, such as silhouettes, or a combination of visual data and basic body pose information, including skeleton joint coordinates. However, the role of human pose in gait recognition is still underexplored, often leading to poorer results compared to visual approaches. In this work, we propose a novel hierarchical limb-based representation that enhances the depiction of body pose and can be applied to various pose descriptors. Our representation consists of three hierarchical levels: full body, body limbs (arms and legs), and middle limbs (forearms, lower arms, thighs, and shins). This structure enriches the gait description of the overall pose by incorporating the specific movements of each limb. Particularly, we investigate the application of our hierarchical arrangement using two different rich pose descriptors: heatmaps derived from 2D body skeletons and a dense representation obtained from pixel-wise estimation of body pose (i.e DensePose). Furthermore, we introduce the PoseGaitGL family of models to better leverage the features derived from our pose representations. By employing our hierarchical pose representations, the proposed model achieves state-of-the-art results in pose-based gait recognition. Thus, the hierarchical heatmap-based and hierarchical DensePose representations attain Rank-1 accuracy of 82.2% and 92.0%, respectively, on the cross-view setup of CASIA-B, and 99.3% and 99.8%, respectively, on TUM-GAID, establishing a new benchmark for pose-based methods. Source code is available at https://github.com/Nico-Cubero/PoseGaitGL</subfield>
   </datafield>
   <datafield ind1="8" ind2=" " tag="024">
      <subfield code="a">Cubero, N., Castro, F. M., Cózar, J. R., Guil, N., &amp; Marín-Jiménez, M. J. (2025). Empirical study of human pose representations for gait recognition. Expert Systems with Applications, 275, 126946.</subfield>
   </datafield>
   <datafield ind1="8" ind2=" " tag="024">
      <subfield code="a">0957-4174</subfield>
   </datafield>
   <datafield ind1="8" ind2=" " tag="024">
      <subfield code="a">https://hdl.handle.net/10630/38556</subfield>
   </datafield>
   <datafield ind1="8" ind2=" " tag="024">
      <subfield code="a">10.1016/j.eswa.2025.126946</subfield>
   </datafield>
   <datafield tag="653" ind2=" " ind1=" ">
      <subfield code="a">Biometría</subfield>
   </datafield>
   <datafield tag="653" ind2=" " ind1=" ">
      <subfield code="a">Aprendizaje automático (Inteligencia artificial)</subfield>
   </datafield>
   <datafield tag="653" ind2=" " ind1=" ">
      <subfield code="a">Mecánica humana</subfield>
   </datafield>
   <datafield ind2="0" ind1="0" tag="245">
      <subfield code="a">Empirical study of human pose representations for gait recognition</subfield>
   </datafield>
</record>
</metadata></record></GetRecord></OAI-PMH>